01313nam a2200253 a 450000100100000000500170001000800410002704000250006808200150009310000580010824501720016625000120033826000590035030000190040949000560042850500660048470000300055070000420058083000630062295201130068595201190079895201250091799900170104200003692020200930080025.0120206s1972 mx 000 0 spa d aDO-SdBNPbspacBNPHU axxxxbxxxx1 aFinney, Harry Anson,d1886-1966q(Harry Anson)96331810aCurso de contabilidad :bintroducción /cpor H. A. Finney ... y Herbert E. Miller ; traducción al español de la 5a. ed. en inglés por Julián Vásquez Prada. a3a. ed. aMéxico :bUnión Tip. Ed. Hispano Americana,c1972. av. : ;c22 cm.1 aBiblioteca Uthea de contabilidad superior ;bv. 1-22 gv. 2trespuestas a las preguntas y soluciones a los problemas1 aMiller, Herbert E.9488391 aVázquez Prada, Juliánetr.963319 0aBiblioteca Uthea de contabilidad superior ;vv. 1-2963320 001050718MOaGRbGRcHDd2012-02-06iLF1l0oxxxx xxxxp36920-10r2020-06-25w2020-06-25y1ZNo se presta 001150718MOaGRbGRcMId2013-09-04iLF1l0oxxxx xxxxp36920-20r2020-06-25te. 2w2020-06-25y1ZNo se presta 001154708MOaGRbGRcMId2015-01-23iLF1l0oxxxx xxxxp36920-30r2020-06-25te. 3w2020-06-25y4ZPréstamo en sala c36410d36410